000
00329nam a22001457a 4500
008
221005b ||||| |||| 00| 0 eng d
020
_a
068302252
041
_a
eng
080
_a
611
082
_a
611 CUL
100
_a
10.2
101
_a
MJEKSI
245
_a
PROBLEM SOLVING IN CLINICAL MEDICINE
_c
CUTLER P
942
_2
udc
_c
BK
999
_c
58355
_d
58355